Pays avec le plus de villes de plus d’un million d’habitants - Statistiques

Statistiques générales
  • Ce quiz a été pris 451 fois
  • Le résultat moyen est 12 sur 15
Statistiques - réponses
Rang Pays Nombre de Villes % Correct
1 Chine 105
99%
3 États-Unis 45
99%
2 Inde 55
97%
6 Russie 15
96%
4 Brésil 22
94%
8 Japon 10
92%
9 Mexique 8
88%
5 Indonésie 18
81%
7 Pakistan 10
77%
12 Nigeria 6
69%
13 Égypte 6
68%
10 Iran 8
63%
15 Turquie 5
60%
14 Vietnam 5
57%
11 Philippines 6
53%
Aucun quiz correspondant
Distribution des résultats
% des personnes avec chaque résultat
Percentile par nombre de réponses
Votre historique - résultats
Vous n’avez pas pris ce quiz